• 首页
  • 本馆介绍
  • 公告通知
  • 最新文献
  • 馆藏检索
  • 电子资源
  • 读者导购
  • 参考咨询
  • 我的图书馆
  • 登录
  • 详细信息显示
  • 放入我的书架
  • 预约/预借图书
  • 作者相关作品
  • 分类相关作品
  • 丛书相关作品
  • 出版社相关作品

书目信息

  • 表格格式
  • 工作单格式
  • 卡片格式
题名:
互联网时代下的数字影视与动画技术现状及应用前景研究
    
 
作者: 颜秉忠, 著
分册:  
出版信息: 长春   东北师范大学出版社  2017.9
页数: 249页
开本: 24cm
丛书名:
单 册:
中图分类: J91 , J954
科图分类:
主题词: 数字技术--应用--电影制作--研究 , 数字技术--应用--电视节目制作--研究 , 数字技术--应用--动画片--制作--研究
电子资源:
ISBN: 978-7-5681-3130-8
000 01325nam0 2200313 45
001 012001001373
005 20130911105908.0
010    @a978-7-5681-3130-8@dCNY53.00
099    @aCAL 012018047346
100    @a20180320d2017 em y0chiy0110 ea
101 0  @achi
102    @aCN@b220000
105    @aa a 000yy
106    @ar
200 1  @a互联网时代下的数字影视与动画技术现状及应用前景研究@Ahu lian wang shi dai xia de shu zi ying shi yu dong hua ji shu xian zhuang ji ying yong qian jing yan jiu@f颜秉忠著
210    @a长春@c东北师范大学出版社@d2017.9
215    @a249页@c图@d24cm
300    @a《河北数字创意文化产业中引入“泛动画”理论的研究》课题编号: HB16-YB018
314    @a颜秉忠, 河北对外经贸职业学院传媒系, 副教授, 硕士。
320    @a有书目 (第249页)
330    @a本书立足于影视和动画技术的目前现状, 运用类比推理和演绎推理的视角, 从理论沿革及应用前景等方面提出符合时代要求的创新型建议。内容包括: 数字影视与动画的历史沿革 ; 互联网时代下的数字影视与动画原理分析 ; 影视与动画制作技术的演变等。
606 0  @a数字技术@x应用@x电影制作@x研究
606 0  @a数字技术@x应用@x电视节目制作@x研究
606 0  @a数字技术@x应用@x动画片@x制作@x研究
690    @aJ91@v5
690    @aJ954@v5
701  0 @a颜秉忠,@Ayan bing zhong@f1964-@4著
801    @aCN@b江苏凤凰@c20211018
905    @b1343253-6@dJ91@e400@f4
    
    互联网时代下的数字影视与动画技术现状及应用前景研究/颜秉忠著.-长春:东北师范大学出版社,2017.9
    249页:图;24cm
    《河北数字创意文化产业中引入“泛动画”理论的研究》课题编号: HB16-YB018
    
    ISBN 978-7-5681-3130-8:CNY53.00
    本书立足于影视和动画技术的目前现状, 运用类比推理和演绎推理的视角, 从理论沿革及应用前景等方面提出符合时代要求的创新型建议。内容包括: 数字影视与动画的历史沿革 ; 互联网时代下的数字影视与动画原理分析 ; 影视与动画制作技术的演变等。
●
相关链接 在E读中查询图书 在五车中查询图书 在当当中查询图书 在豆瓣中查询图书


正题名:互联网时代下的数字影视与动画技术现状及应用前景研究     索取号:J91/400         预约/预借

序号 登录号 条形码 馆藏地/架位号 状态 备注
1 1343253   213432533   第一样本阅览室/ [索取号:J91/400] 在馆    
2 1343254   213432542   第一借阅区/ [索取号:J91/400] 在馆    
3 1343255   213432551   第一借阅区/ [索取号:J91/400] 在馆    
4 1343256   213432560   第一借阅区/ [索取号:J91/400] 在馆    
唐山师范学院图书馆 欢迎您!
大连网信软件有限公司© 版权所有